000 00313nam a22001337a 4500
008 181218b xxu||||| |||| 00| 0 eng d
020 _a9781411403321
041 _aeng
080 _a159.8
100 _a49
101 _aPSI
245 _aPsychology A complete Course In A book
_cJames.d
942 _2udc
_cBK
999 _c53439
_d53439